Estadísticas para Banderas de países 243 a 250

Haz click aquí para intentar la prueba.

Estadísticas generales

  • Esta prueba ha sido intentada 86 veces
  • La puntuación promedio es 5 de 8

Estadísticas de respuestas

Respuesta% Correcto
Cataluña
89%
Chipre del Norte
79%
Somalilandia
62%
Abjasia
59%
Kurdistán
54%
Osetia del Sur
54%
Transnistria
51%
Alto Karabaj
16%

Distribución de puntuación

Porcentaje por número respondido

Porcentaje de gente con cada puntuación

Historial de tus puntuaciones

No has intentado esta prueba.